000 00431nam a2200169 4500
001 44926
090 _a44926
100 _a20251013 pory50
101 _apor
_aing
102 _aPT
200 _aAs leis da atracção
_frealiz. Peter Howitt
_gact.s Pearce Brosnan , Julianne Moore
210 _a[S.l.]
_cdist. Prisvideo
_d2004
215 _a1 DVD
300 _a87 m. M/12
675 _a82-31
801 _aPT
_gRPC
990 _cFILMES DVD